00849nam a22002175i 4500001000700000003000900007005001700016007000300033008004100036245012400077260004600201300002800247490002300275505005300298651004900351651003600400830003100436852002100467999001900488952012400507102886ES-MaACL20250831014815.0t|950928s1898 sp ||||1| spa d04aLos Estados Unidos por dentro b: geografía, historia, constitución, organización militar (guerra y marina), etc. aMadrid : b[s.n.], c1898 (fTip. Herres) a104, CLXI p. ; c19 cm.1 aColección Herres8 aContiene además: Constitución de los EE. UU. 4aEstados Unidos-xDescripción-yS.XIX98539 4aEstados Unidos-xHistoria985401 aColección Herres9232544 aES-MaACLjC-3572 c102886d102886 001040708LIBXIXaATENEOMbATENEOMcSPALd2008-01-17eSCl0oC-3572p1107411r2023-02-23 00:00:00w2023-02-23yMONANT